000 00836nam a2200325 i 4500
001 000352
003 DO-SdBNP
005 20180206114634.0
007 000352
008 890123s1990 cu spa
015 _a
016 7 _a
_z
_2BPMSU
017 _a
_b
020 _a
035 _a
040 _aBPMUS
_bspa
_cBPMSU
_e
080 0 _a
082 _aI863.6
_bP348u
100 1 _aPaz, Senel
_d1950-
245 1 3 _aUn rey en el jardín /
_h
_cSenel Paz
260 1 _aLa Habana :
_bEdiciones Unión,
_c1990
300 _a225 p. ;
_c22 cm
490 _aContemporáneo
500 _aIncluye datos biográficos del autor en la contracubierta
650 _aNOVELA CUBANA
830 _aContemporáneo
942 _2ddc
_cBK
945 _ainventariado, 2018 / dg
956 _aVMATEO
_b10
_c20160714
_d00069
999 _c10883
_d10883